00850nam a2200169 a 450000100100000000500170001000800410002704000250006808200150009311000770010824502150018526000620040030000200046204900090048295201720049199900170066300003056620200930062401.0110524s1933 dr 000 | spa d aDO-SdBNPbspacBNPHU axxxbR426m1 aRepública Dominicana.bPresidente (1930-1938 : Trujillo Molina)95716110aMensaje presentado a la Asamblea Nacional por el Honorable Presidente de la República Gral. Rafael L. Trujillo Molina, el 27 de febrero de 1933, en que da cuenta de su gestión oficial durante el año 1932. aSanto Domingo :bImprenta de J. R. Viuda García,c1933. a40 p. ;c23 cm. aBNPD 001050718RVaPDbPDcCTd2011-05-24iLF1l0oxxx R426mp30566-10r2020-06-25w2020-06-25y1zPerteneció a la biblioteca personal de Martínez Boog.ZNo se presta c30058d30058